| 000 | 01129cab a2200229 4500 | ||
|---|---|---|---|
| 001 | ABS40247 | ||
| 008 | 090401t1989 xxu||||| |||| 00| 0 eng d | ||
| 035 | _a(Sirsi) u22501 | ||
| 041 | _aeng | ||
| 100 | _aTaylor, W. | ||
| 245 | 4 | _aThe mortgage valuation muddle | |
| 260 | _c1989 | ||
| 350 | _a0 | ||
| 490 |
_aEstates Gazette _v(8901) 7 January 1989, 26-80(2) |
||
| 520 | _aWith reference to caselaw, the author reviews the current position with regard to mortgage valuations , considering issues raised by some of the rulings made, including the question of establishing contracts between valuers and lending institutions, valuer`s liability and the rule in Hedley Byrne . Concludes with a suggestion that the lender of money on residential mortgage security should be obliged to commission a survey at least to the RICS House Buyers Report and Valuation standard, and satisfy themselves that the borrower knows what he is buying. | ||
| 650 | _aHARRIS V WYRE FOREST DC | ||
| 650 | _aHEDLEY BYRNE V HELLER | ||
| 650 | _aSMITH V ERIC S BUSH | ||
| 690 |
_aBlock management _96220 |
||
| 942 | _n0 | ||
| 948 | _c04/03/1997 | ||
| 999 |
_c15077 _d15077 |
||